O koncepcii perechoda stroitel'nogo kompleksa strany k rabote v uslovijach rynočnoj ekonomiki.

Odštátnenie majetku podnikov a organizácií v stavebníctve.Demonopolizácia a rozvoj konkurencie v oblasti projektovania a výstavby. Prestavba cenotvorby. Vytvorenie trhovej infraštruktúry (banky, poiťovacie formy, investičné burzy). Zmena ekonomických vzťahov učastníkov investičnej činnosti. Štátne r...

Descrizione completa

Salvato in:
Dettagli Bibliografici
Natura: Capitolo di libro
Lingua:russo
Soggetti:
Tags: Aggiungi Tag
Nessun Tag, puoi essere il primo ad aggiungerne!!

MARC

LEADER 00000naa a2200000 4500
001 r003237
005 20220819192238.8
041 0 |a rus 
044 |a [SU] 
245 1 0 |a O koncepcii perechoda stroitel'nogo kompleksa strany k rabote v uslovijach rynočnoj ekonomiki. 
520 |a Odštátnenie majetku podnikov a organizácií v stavebníctve.Demonopolizácia a rozvoj konkurencie v oblasti projektovania a výstavby. Prestavba cenotvorby. Vytvorenie trhovej infraštruktúry (banky, poiťovacie formy, investičné burzy). Zmena ekonomických vzťahov učastníkov investičnej činnosti. Štátne regulovanie necentralizovaných investícií. Zahraničné investície. Riadenie stavebnej výroby v podmienkach trhových vzťahov. 
610 2 0 |a stavebníctvo 
610 2 0 |a deetatizácia 
610 2 0 |a podnik stavebný 
610 2 0 |a konkurencia 
610 2 0 |a projektovanie 
610 2 0 |a tvorba cien 
610 2 0 |a banky 
610 2 0 |a burzy 
610 2 0 |a investície 
610 2 0 |a vzťahy trhové 
610 2 0 |a ZSSR